Ain-I Akbari : (Record no. 47419)

MARC details
000 -LEADER
fixed length control field 00642nam a2200217Ia 4500
005 - DATE AND TIME OF LATEST TRANSACTION
control field 20260122095416.0
008 - FIXED-LENGTH DATA ELEMENTS--GENERAL INFORMATION
fixed length control field 260121s9999||||xx |||||||||||||| ||und||
020 ## - INTERNATIONAL STANDARD BOOK NUMBER
International Standard Book Number 9789391928124
082 ## - DEWEY DECIMAL CLASSIFICATION NUMBER
Classification number 954.025
Item number ALL
100 ## - MAIN ENTRY--PERSONAL NAME
Personal name Allami, Abu L-Fazl
245 #0 - TITLE STATEMENT
Title Ain-I Akbari :
Remainder of title the complete English translation, Vol. 1 /
250 ## - EDITION STATEMENT
Edition statement 1st ed.
260 ## - PUBLICATION, DISTRIBUTION, ETC. (IMPRINT)
Place of publication, distribution, etc New Delhi :
Name of publisher, distributor, etc Manohar Publishers and Distributors,
Date of publication, distribution, etc 2022.
300 ## - PHYSICAL DESCRIPTION
Extent lxix, 741p.; hb
440 ## - SERIES STATEMENT/ADDED ENTRY--TITLE
Volume number/sequential designation Vol. 1
650 ## - SUBJECT ADDED ENTRY--TOPICAL TERM
Topical term or geographic name as entry element India—Administration—History
650 ## - SUBJECT ADDED ENTRY--TOPICAL TERM
Topical term or geographic name as entry element India—History—Mughal Empire1526–1765
700 ## - ADDED ENTRY--PERSONAL NAME
Personal name Blochmann
700 ## - ADDED ENTRY--PERSONAL NAME
Personal name Phillot, D. C.
942 ## - ADDED ENTRY ELEMENTS (KOHA)
Koha item type Text Books
Holdings
Date last seen Total Checkouts Full call number Barcode Price effective from Koha item type Lost status Damaged status Not for loan Collection code Withdrawn status Home library Current library Shelving location Date acquired Source of acquisition
22/01/2026   954.025 ALL 53064 22/01/2026 Text Books       Non-fiction   CUTN Central Library CUTN Central Library History & Geography 22/01/2026 T. R. Publications, Chennai - Invoice No. - TRPHO/2024/CRB/369 on 06-03-2025